Mikrokosmus Ideen zur Naturgeschichte und Geschichte der Menschheit: Versuch einer Anthropologie

שמור ב:
מידע ביבליוגרפי
מחבר ראשי: Lotze, Hermann (autor)
פורמט: ספר
שפה:גרמנית
יצא לאור: Leipzig Hirzel 1858
נושאים:
תגים: הוספת תג
אין תגיות, היה/י הראשונ/ה לתייג את הרשומה!

MARC

LEADER 00000nam a2200000 a 4500
001 UCZ8632
003 CL-VaPUC
008 960125e18580000GW |||||||||||||||||ger|d
082 0 4 |a 572  |b LOT  |2 21 
100 |a Lotze, Hermann  |e autor  |9 353996 
245 1 0 |a Mikrokosmus Ideen zur Naturgeschichte und Geschichte der Menschheit: Versuch einer Anthropologie 
300 |a v 
942 |c BK 
945 |d 19960125 00:00:00  |a cmena 
260 |a Leipzig  |b Hirzel  |c 1858 
650 0 |a Antropología   |9 233030 
650 7 |a ESPECIE HUMANA  |2 CL-VaPUC  |9 337223 
650 7 |a HOMBRE  |2 CL-VaPUC  |9 262149 
650 0 |a Evolución  |9 259442 
583 |a last modification  |c 19960125 00:00:00  |k Rodrigo Vera 
999 |c 244490  |d 244488 
952 |0 0  |1 0  |4 0  |6 572_000000000000000_LOT_1858  |7 0  |8 P  |9 258564  |a BIBEDU  |b BIBEDU  |c BIBEDU_PB  |d 2019-11-19  |h v.2  |i 1621483  |o 572 LOT 1858  |p 1621483  |r 2024-01-25  |w 2019-11-19  |y BK  |k FIL